[One Piece] Équipage des Rocks - Statistiques

Statistiques générales
  • Ce quiz a été pris 115 fois
  • Le résultat moyen est 10 sur 15
Statistiques - réponses
Par images Réponse % Correct
Charlotte Linlin
100%
Edward Newgate
100%
Kaido
100%
Rocks D. Xebec
99%
Shiki
97%
Buckingham Stussy
82%
Gloriosa
82%
Captain John
81%
Streusen
65%
Kyo
64%
Ochoku
42%
Don Marlon
32%
Ganzui
14%
Gill Bastar
14%
Barbell
11%
Aucun quiz correspondant
Distribution des résultats
% des personnes avec chaque résultat
Percentile par nombre de réponses
Votre historique - résultats
Vous n’avez pas pris ce quiz